[Event "GBR-ch U12 106th"]
[Site "Torquay"]
[Date "2019.08.01"]
[Round "5"]
[White "Harandi, Teymour"]
[Black "Liu, Jack"]
[Result "0-1"]
[WhiteElo "1487"]
[BlackElo "1259"]
[PlyCount "160"]
[EventDate "2019.07.28"]
[EventType "swiss"]
[EventRounds "7"]
[EventCountry "ENG"]
[SourceTitle "EXT 2020"]
[Source "ChessBase"]
[SourceDate "2019.10.17"]
[SourceVersion "1"]
[SourceVersionDate "2019.10.17"]
[SourceQuality "1"]

1. e4 e6 2. d4 d5 3. Nd2 Nf6 4. e5 Nfd7 5. Ne2 c5 6. c3 Nc6 7. Nf3 cxd4 8. cxd4 f6 9. exf6 Nxf6 10. Ng3 Bd6 11. Bg5 0-0 12. Bb5 Qa5+ 13. Bd2 Qxb5 14. Ne2 Ne4 15. 0-0 Nxd2 16. Qxd2 Qb4 17. Qe3 Bc7 18. Ng5 Qd6 19. Qh3 h6 20. Nf3 Bd7 21. Rac1 Rf6 22. Rfe1 Raf8 23. Kf1 Nb4 24. Red1 Bb5 25. a3 Nd3 26. Rc3 Nxb2 27. Rb1 Bxe2+ 28. Kxe2 Na4 29. Rcc1 Nb6 30. Ke1 Bb8 31. Qg4 Qf4 32. Qh5 Qe4+ 33. Kf1 Bf4 34. Re1 Qd3+ 35. Kg1 Qxa3 36. Ra1 Qc3 37. Rf1 a5 38. Rab1 Nc4 39. Rxb7 a4 40. Qg4 R8f7 41. Rxf7 Kxf7 42. Qh5+ g6 43. Qh4 a3 44. Ne5+ Nxe5 45. dxe5 Qxe5 46. g3 Bd2 47. Qa4 Qd6 48. Rb1 g5 49. Rb7+ Kg6 50. Qc2+ Kh5 51. Qxd2 Qe5 52. Qd1+ Kg6 53. Ra7 Qf5 54. Qe1 Qd3 55. Qc1 Qe2 56. Qf1 Qxf1+ 57. Kxf1 Rf3 58. Ke2 Rb3 59. Kf1 Kf5 60. Kg2 e5 61. Rd7 a2 62. Ra7 Rb2 63. Rf7+ Ke4 64. Ra7 d4 65. Ra3 d3 66. Ra4+ Kf5 67. g4+ Ke6 68. Kf3 d2 69. Ra6+ Kd5 70. Ra5+ Kc4 71. Ke2 Rb1 72. Ra4+ Kb5 73. Rxa2 d1Q+ 74. Ke3 Qb3+ 75. Ke4 Qxa2 76. h4 Re1+ 77. Kf3 Qe2+ 78. Kg3 Rg1+ 79. Kh3 Qf1+ 80. Kh2 Qg2# 0-1